Loading...
Library manual
| Main Author: | |
|---|---|
| Format: | Printed Book |
| Language: | Undetermined English |
| Published: |
New Delhi
Vikas publishing house Pvt Ltd
2000
|
| Subjects: |
| LEADER | 00541nam a2200169Ia 4500 | ||
|---|---|---|---|
| 008 | 140306s9999 xx 000 0 und d | ||
| 041 | |a eng | ||
| 082 | |a 020 |b KRI/LI | ||
| 100 | |a Krishan, Kumar | ||
| 245 | |a Library manual | ||
| 260 | |a New Delhi |b Vikas publishing house Pvt Ltd |c 2000 | ||
| 300 | |a 386 | ||
| 365 | |b Rs.135 | ||
| 650 | |a Library science | ||
| 942 | |2 ddc |c BK | ||
| 999 | |c 115074 |d 115074 | ||
| 952 | |0 0 |1 0 |2 ddc |4 0 |6 020_000000000000000_KRILI |7 0 |9 113407 |a KAUHCV |b KAUHCV |d 2004-04-23 |g 135.00 |o 020 KRI/LI |p KAU_HCV-24693 |r 2014-03-22 |w 2014-03-22 |y BK | ||